Star Trek 101: A Practical Guide to Who, What, Where, and Why : (Record no. 587628)

MARC details
000 -LEADER
fixed length control field 00517nam a2200193 a 4500
008 - FIXED-LENGTH DATA ELEMENTS--GENERAL INFORMATION
fixed length control field 250917s2008##################000#0#eng##
020 ## - INTERNATIONAL STANDARD BOOK NUMBER
ISBN 9780743497237
082 04 - DEWEY DECIMAL CLASSIFICATION NUMBER
Classification number 791.4575
Item number ERD
100 1# - MAIN ENTRY--AUTHOR NAME
Personal name Erdmann, Terry J.,
245 10 - TITLE STATEMENT
Title Star Trek 101: A Practical Guide to Who, What, Where, and Why :
260 ## - PUBLICATION, DISTRIBUTION, ETC. (IMPRINT)
Name of publisher Pocket Books/Star Trek,
Year of publication 2008.
300 ## - PHYSICAL DESCRIPTION
Number of Pages 320 pages
650 #0 - SUBJECT ADDED ENTRY--TOPICAL TERM
Topical Term Fiction.
942 ## - ADDED ENTRY ELEMENTS (KOHA)
Koha item type English Books
Holdings
Withdrawn status Lost status Damaged status Not for loan Home library Current library Shelving location Date acquired Full call number Accession Number Price effective from Koha item type
        Anna Centenary Library Anna Centenary Library 6TH FLOOR, B WING 17.09.2025 791.4575 ERD 459472 17.09.2025 English Books

Find us on the map